Büyükşehir belediyelerinin görev ve sorumlulukları bağlamında İstanbul analizi-I (Record no. 8837)

MARC details
000 -BAŞLIK
Sabit Uzunlukta Kontrol Alanı 01174na a2200289 4500
001 - KONTROL NUMARASI
Denetim Alanı 16056
003 - KONTROL NUMARASI IDENTIFIER
Denetim Alanı MIRAKIL
005 - SON İŞLEM TARİHİ VE ZAMANI
Denetim Alanı 20181213155225.0
008 - SABİT-BOY VERİ ELEMANLARI - GENEL BİLGİLER
Sabit Uzunlukta Kontrol Alanı 161005b tu 000 0
020 ## - ULUSLARARASI STANDART KİTAP NUMARASI
Uluslararası Standart Kitap Numarası 9786051520971
035 ## - SİSTEM KONTROL NUMARASI
Sistem Kontrol Numarası 16056
040 ## - KATALOGLAMA KAYNAK
Orijinal Kataloglama Ajansı Milas
Kataloglama Dili tur
Metne Dönüştürmek Ajansı TR-AnCHP
041 ## - DİL KODU
Metin / Ses Parça Veya Ayrı Başlığın Dil Kodu tur
082 ## - DEWEY ONLU SINIFLANDIRMA NUMARASI
Sınıflandırma Numarası 352.0956226
Ürün Numarası Ç64b 2014
090 ## - SINIFLAMA NUMARASI
Sınıflama Numarası 352.0956226 Ç64b 2014
100 ## - ANA GİRİŞ - KİŞİSEL İSİM
Kişisel Ad Çolak, Nusret İlker
245 ## - BAŞLIK TABLOSU
Başlık Büyükşehir belediyelerinin görev ve sorumlulukları bağlamında İstanbul analizi-I
Sorumluluk Tablosu, Vb Nusret İlker Çolak
260 ## - YAYIN, DAĞITIM, VB
Yayın, Dağıtım, Vb Yeri İstanbul
Yayıncı, Dağıtıcı, Vs Adı On İki Levha Yayıncılık
Yayın, Dağıtım, Vb Tarihi 2014
300 ## - FİZİKSEL TANIM
Kapsam 861 s.
Diğer Fiziksel Ayrıntıları tbl.
Boyutlar 23 sm.
490 ## - SERİSİ TABLOSU
Seri Beyanı On İki Levha Yayıncılık
Hacim / Ardışık Tanımı 411
505 ## - BİÇİMLENDİRİLDİ İÇİNDEKİLER NOT
Biçimlendirilmiş İçeriği Dikkat Tarihçe ve Coğrafi Konum; Nüfus Analizi ; Sosyal Yaşam Analizi; Teknik ve Sosyal Altyapı Analizi; Siyasi analiz; Ekonomik Durum ve Sanayi Yapılanması; Sorunlar, Çözümler ve Projeler
650 ## - KONU KATMA GİRİŞ - TOPİKAL DÖNEM
Topikal Süreli Veya Coğrafi Ad Giriş Elemanı Büyükşehir belediyesi
Genel Alt Bölümü Kentsel politika
Coğrafi Alt Bölümü İstanbul
650 ## - KONU KATMA GİRİŞ - TOPİKAL DÖNEM
Topikal Süreli Veya Coğrafi Ad Giriş Elemanı İstanbul
Genel Alt Bölümü Sosyo ekonomik durum
650 ## - KONU KATMA GİRİŞ - TOPİKAL DÖNEM
Topikal Süreli Veya Coğrafi Ad Giriş Elemanı Siyaset ve yönetim
Genel Alt Bölümü Yerel yönetimler
Coğrafi Alt Bölümü İstanbul Büyükşehir Belediyesi (İBB)
650 ## - KONU KATMA GİRİŞ - TOPİKAL DÖNEM
Topikal Süreli Veya Coğrafi Ad Giriş Elemanı Büyükşehir belediyesi
Coğrafi Alt Bölümü İstanbul
942 ## - EKLENDİ GİRİŞ ELEMANLARI (KOHA)
Sınıflandırma Veya Raf Düzeni Kaynak Dewey Decimal Classification
Koha Öğesi Türü Books
999 ## - SİSTEM KONTROL NUMARALARI (KOHA)
Koha Biblionumber 8837
Koha Biblioitemnumber 8837
Holdings
Kalıcı Konum Mevcut Konum Edinme Tarihi Edinim Kaynak Toplam Check-Out'Lar Tam Çağrı Numarası Barkod Tarih Son Görülme İtibaren Geçerli Fiyatlar Koha Öğesi Türü Kopya Sayısı
CHP Kütüphanesi CHP Kütüphanesi 10/05/2016 Bağış   352.0956226 Ç64b 2014 001243 10/05/2016 10/05/2016 Books  
CHP Kütüphanesi CHP Kütüphanesi 09/29/2016 Bağış   352.0956226 Ç64b 2014 004649 09/29/2016 09/29/2016 Books k.2
CHP Kütüphanesi CHP Kütüphanesi 10/25/2016 Bağış   352.0956226 Ç64b 2014 009027 10/25/2016 10/25/2016 Books k.3
CHP Kütüphanesi CHP Kütüphanesi 10/25/2016 Bağış   352.0956226 Ç64b 2014 009028 10/25/2016 10/25/2016 Books k.4